| 000 | 02648nam0a2200421 i 4500 | ||
|---|---|---|---|
| 001 | RU\NLR\BIBL_A\011324609 | ||
| 005 | 20260408161235.0 | ||
| 010 |
_a9785000800362 _9500 |
||
| 021 |
_aRU _b2017-2019 _9144 |
||
| 035 | _a(NLR Aleph) 011324609 | ||
| 090 |
_a11099685 _c11099685 |
||
| 100 | _a20170210d2015 k y0rusy50 ca | ||
| 101 | 0 |
_arus _dfre _efre _erus |
|
| 102 | _aRU | ||
| 105 | _aach|z|||100yy | ||
| 200 | 1 |
_aСинология и японоведение в России и Франции: история и перспективы _dSinologie et japonologie en Russie et en France: histoire et perspectives _eсборник статей по материалам международного симпозиума, Москва, 15-16 апреля 2013 г. _f[сост.: А.Г. Юркевич] _gпод ред. А.А. Маслова] _zfre |
|
| 210 |
_aМосква _cВариант _d2015 |
||
| 215 |
_a242 с. _cил., портр., факс. _d20 |
||
| 300 | _aВ надзаг.: Нац. исслед. ун-т "Высш. шк. экономики", Фак. мировой экономики и мировой политики, Шк. востоковедения | ||
| 300 | _aРез. на фр. яз. | ||
| 320 | _aБиблиогр. в подстроч. примеч. | ||
| 510 | 1 |
_aSinologie et japonologie en Russie et en France: histoire et perspectives _zfre |
|
| 606 |
_aВостоковедение _jСъезды, совещания и т.п _yФранция _91302012 _3RU\NLR\AUTH\66222019 |
||
| 606 |
_aВостоковедение _jСъезды, совещания и т.п _yРоссия _92135169 _3RU\NLR\AUTH\661287602 |
||
| 606 |
_aЯпоноведение _jСъезды, совещания и т.п _3RU\NLR\AUTH\66267188 _91383274 |
||
| 606 |
_aСинология _jСъезды, совещания и т.п _3RU\NLR\AUTH\66267232 _91383350 |
||
| 686 | 1 | _aТ1(4Фр)0-1(5)я431 | |
| 686 | 1 | _aТ1(2)0-1(5)я431 | |
| 686 | 1 | _aТ3(5Кит)г | |
| 686 | 1 | _aТ3(5Я)г | |
| 702 | 1 |
_aЮркевич _bА. Г. _gАлександр Геннадьевич _4220 |
|
| 702 | 1 |
_4340 _8rus _7ca _aМаслов _bА.А. _f1964- _cисторик _gАлексей Александрович _3RU\NLR\AUTH\7725180 _98229 |
|
| 712 | 0 | 2 |
_4570 _a"Высшая школа экономики", национальный исследовательский университет _cМосква _bШкола востоковедения _3RU\NLR\AUTH\880396539 _9459672 |
| 942 | _cBOOK | ||
| 980 | _aNBR | ||